|
|
|
|
| LEADER |
00000nam a2200000 a 4500 |
| 001 |
vtls001322043 |
| 003 |
SK-MaSNL |
| 005 |
20260301200231.0 |
| 008 |
251113s1968 YU 0 hrv |
| 035 |
|
|
|a SNK000274715
|
| 040 |
|
|
|a SNK
|b slo
|c SNK
|e AACR2
|
| 044 |
|
|
|a YU
|
| 080 |
|
|
|a 886.1-14
|2 1981
|
| 100 |
1 |
|
|a Petković-Dis, Vladislav
|d 1880-1917
|4 aut
|9 106750
|
| 245 |
1 |
0 |
|a Utopljene duše
|b pesme
|c Vladislav Petković Dis
|
| 260 |
|
|
|a Beograd
|b Peosveta
|c 1968
|
| 300 |
|
|
|a 131, [1] s.
|c 8°
|
| 490 |
1 |
|
|a Biblioteka Prosveta
|v 168
|
| 650 |
0 |
7 |
|a srbská literatúra
|2 SNK
|9 1208
|
| 650 |
0 |
7 |
|a srbská poézia
|2 SNK
|9 66705
|
| 830 |
|
0 |
|a Biblioteka Prosveta
|9 579136
|
| 958 |
|
|
|a OND
|
| 999 |
|
|
|c 889604
|d 891534
|
| 952 |
|
|
|t P60, <04>, [BOOK], {604}
|a SNK
|b SNK
|y VYP
|7 0
|o snkID 91807
|i snkK 2640/91
|0 0
|1 0
|4 0
|d 1998-02-24
|l 0
|r 2005-01-02 00:00:00
|w 2026-02-24
|